000 00974nam a2200301 i 4500
003 EG-GICUC
005 20260121125712.0
008 260121s1950 fr ||||fr|||| 000 0 fre d
040 _aEG-GiCUC
_bfre
_cEG-GiCUC
_dEG-GiCUC
_eRda
041 _afre
082 0 4 _221
_a341.1
_bCH . C
092 0 4 _221
099 _aLaw1 11 341.1 CH . C 1950
100 1 _a Charles-roux, F.
_eAuteur
245 1 0 _aCinq Mois Tragiques Aux Affaires Étrangères (21 Mai 1 Novembre 1940) /
_cF. Charles-roux.
264 1 _aParis :
_b Librairie Plon,
_c1950.
300 _a404 page ;
_c 24 cm.
336 _2rda contenu
_a texte
337 _2rda medias
_aOrdinateur
338 _2 transporteur rda
_a Ressource en ligne
504 _aBibliography: pages 200-250. 240-220
546 _aTexte en français
650 1 4 _aDroit international public
_2qrmak
651 1 _2qrmak
856 4 0 _uhttps://fll.law.cu.edu.eg/fulltext/bks/B11-06517.pdf
905 _a79
942 _2ddc
_cBK
_e21
_n0
999 _c58367
_d58367